Générique Adventure Time - Paroles - Statistiques

Statistiques générales
  • Ce quiz a été pris 120 fois
  • Le résultat moyen est 7 sur 7
Statistiques - réponses
Paroles % Correct
N'ont vraiment peur de {rien}
100%
Adventure {Time}
99%
Adventure {Time}
99%
Et Finn l'{humain}
99%
Jake le {chien}
99%
Filons vers un grand pays {magique}
93%
Que tout le monde {rapplique}
75%
Aucun quiz correspondant
Distribution des résultats
% des personnes avec chaque résultat
Percentile par nombre de réponses
Votre historique - résultats
Vous n’avez pas pris ce quiz